Women of Islam, (Record no. 2992)
[ view plain ]
| 000 -LEADER | |
|---|---|
| fixed length control field | 00705nac a22002051u 4500 |
| 010 ## - LIBRARY OF CONGRESS CONTROL NUMBER | |
| LC control number | 62047837 |
| 035 ## - SYSTEM CONTROL NUMBER | |
| System control number | (OCoLC)2451890 |
| 082 ## - DEWEY DECIMAL CLASSIFICATION NUMBER | |
| Classification number | 306.44954910 |
| Item number | D6491 |
| 090 ## - LOCALLY ASSIGNED LC-TYPE CALL NUMBER (OCLC); LOCAL CALL NUMBER (OCLC) | |
| -- | 2992 |
| -- | 2992 |
| 100 ## - MAIN ENTRY--PERSONAL NAME | |
| Personal name | Djebar, Assia, |
| 245 10 - TITLE STATEMENT | |
| Title | Women of Islam, |
| Statement of responsibility, etc | Photos: Magnum. Translated by Jean MacGibbon. |
| 260 ## - PUBLICATION, DISTRIBUTION, ETC. (IMPRINT) | |
| Place of publication, distribution, etc | [London] |
| Name of publisher, distributor, etc | A. Deutsch |
| Date of publication, distribution, etc | [1961] |
| 300 ## - PHYSICAL DESCRIPTION | |
| Extent | 47 p. |
| Other physical details | plates. |
| Dimensions | 18 cm. |
| 490 0# - Series Statement | |
| Series statement | (A Bruna book) |
| 500 ## - GENERAL NOTE | |
| General note | Donations. |
| 500 ## - GENERAL NOTE | |
| General note | Donations - Dr. Mostafa Gouda. |
| 650 #0 - SUBJECT ADDED ENTRY--TOPICAL TERM | |
| Topical term or geographic name as entry element | Muslim women. |
| 942 ## - ADDED ENTRY ELEMENTS (KOHA) | |
| Item type | Book - Borrowing |
| Call number prefix | 306.44954910D6491 |
| Withdrawn status | Item status | Damaged status | Not for loan | Home library | Current library | Shelving location | Date acquired | Source of acquisition | Total Checkouts | Total Renewals | Full call number | Barcode | Date last seen | Date last borrowed | Koha item type |
|---|---|---|---|---|---|---|---|---|---|---|---|---|---|---|---|
| Central Library | Central Library | First floor | 07/03/2014 | Purchase | 3 | 17 | 306.44954910 DJE | 000001217 | 15/07/2025 | 18/02/2013 | Book - Borrowing |